| 000 | 01455nam a2200385 c 4500 | ||
|---|---|---|---|
| 001 | 60720 | ||
| 003 | CO-BoRNBP | ||
| 005 | 20260317163902.0 | ||
| 007 | ta | ||
| 008 | 210823r20152020ck a br 000 f spa d | ||
| 020 | _a9789587434910 | ||
| 040 |
_aCO-BoRNBP _bspa _erda _cCO-BoRNBP |
||
| 041 | 0 | _aspa | |
| 084 | _aN | ||
| 100 | 1 |
_aGómez Gil, Ricardo, _d1954- _eaut _969482 |
|
| 245 | 1 | 3 |
_aLa selva de los números / _cRicardo Gómez ; ilustraciones de Tesa González. |
| 250 |
_aPrimera edición _bSéptima reimpresión, Séptima reimpresión, Octava reimpresión |
||
| 264 | 1 |
_aBogotá, Colombia : _bEdiciones Santillana, _c2017 |
|
| 300 |
_a173 páginas : _bilustraciones a color |
||
| 336 |
_atexto _btxt _2rdacontent |
||
| 337 |
_asin mediación _bn _2rdamedia |
||
| 338 |
_avolumen _bnc _2rdacarrier |
||
| 490 | 0 | _aNarrativa | |
| 500 | _aEl material correspondiente a la dotación PNLB 2022, corresponde a la séptima reimpresión de 2020 | ||
| 521 | _aRecomendado para un público infantil mayor de 9 años | ||
| 650 | 1 | 7 |
_aBosques tropicales _vNovela _2lemb _963698 |
| 650 | 1 | 7 |
_aLiteratura infantil española _ySiglo XX _2rnbp _9845 |
| 650 | 1 | 7 |
_aNaturaleza _vNovela _2lemb _963699 |
| 650 | 0 | 7 |
_aNovela infantil española _ySiglo XX _2rnbp _9938 |
| 650 | 1 | 7 |
_aTortugas _vNovela _2lemb _963700 |
| 650 | 1 | 7 |
_aViajes _vNovela _2lemb _92493 |
| 650 | 1 | 7 |
_aAventuras _vNovela _2lemb |
| 700 | 1 | 0 |
_aGonzález, Tesa, _d1962- _eill _963701 |
| 942 |
_2loc _cBKINF |
||
| 999 |
_c60720 _d60720 |
||